| 000 -LEADER | |
|---|---|
| fixed length control field | 00326nam a22001457a 4500 |
| 005 - DATE AND TIME OF LATEST TRANSACTION | |
| control field | 20170401153215.0 |
| 008 - FIXED-LENGTH DATA ELEMENTS--GENERAL INFORMATION | |
| fixed length control field | 170401b xxu||||| |||| 00| 0 eng d |
| 041 ## - LANGUAGE CODE | |
| Language code of text/sound track or separate title | eng |
| 100 ## - MAIN ENTRY--AUTHOR NAME | |
| Personal name | GHATAK , S |
| 245 ## - TITLE STATEMENT | |
| Title | MINE VENTILATION VOL II |
| 260 ## - PUBLICATION, DISTRIBUTION, ETC. (IMPRINT) | |
| Name of publisher | COAL FIELDS |
| 300 ## - PHYSICAL DESCRIPTION | |
| Number of Pages | 232 |
| 650 ## - SUBJECT ADDED ENTRY--TOPICAL TERM | |
| Topical Term | MINNING |
| 942 ## - ADDED ENTRY ELEMENTS (KOHA) | |
| Koha item type | Books |
| Lost status | Damaged status | Collection code | Home library | Current library | Shelving location | Date acquired | Source of acquisition | Cost, normal purchase price | Full call number | Accession Number | Koha item type |
|---|---|---|---|---|---|---|---|---|---|---|---|
| MINING | JRU Library | JRU Library | SHELF-100-B | 10/07/2021 | PURCHASE | 250.00 | 622.42 | 21626 | Books | ||
| JRU Library | SHELF-6-C | 14/02/2023 | PURCHASE | 250.00 | 622.42 | 21627 | Books | ||||
| MINING | JRU Library | JRU Library | SHELF-100-B | 09/06/2025 | PURCHASE | 250.00 | 622.42 | 21628 | Books |